[Event "EU-ch U10 28th"]
[Site "Riga"]
[Date "2018.08.21"]
[Round "2"]
[White "Tetyuev, Stepan"]
[Black "Prelipcean, Eric Matei"]
[Result "0-1"]
[WhiteElo "1360"]
[BlackElo "1646"]
[PlyCount "108"]
[EventDate "2018.08.20"]
[EventType "swiss"]
[EventRounds "9"]
[EventCountry "LAT"]
[SourceTitle "CBM 186 Extra"]
[Source "ChessBase"]
[SourceDate "2018.08.24"]
[SourceVersion "1"]
[SourceVersionDate "2018.08.24"]
[SourceQuality "1"]

1. e4 c5 2. d4 cxd4 3. c3 dxc3 4. Nxc3 Nc6 5. Nf3 e6 6. Bc4 Qc7 7. 0-0 Nf6 8. h3 Be7 9. Qe2 0-0 10. Rd1 Rd8 11. Bg5 d6 12. Nb5 Qb8 13. Bb3 a6 14. Nbd4 h6 15. Bh4 Bd7 16. Bg3 Qa7 17. Nxc6 Bxc6 18. e5 Ne4 19. Bh2 d5 20. Bc2 Nc5 21. Nd4 Rac8 22. Bg3 Nd7 23. Qd3 Nf8 24. Bb3 Bc5 25. Bh4 Rd7 26. Rac1 Ng6 27. Nxe6 Nxe5 28. Qc3 fxe6 29. Qxe5 Re8 30. Bg3 Bd6 31. Qh5 Rf8 32. Bxd6 Qxf2+ 33. Kh1 Rxd6 34. Rf1 Qxf1+ 35. Rxf1 Rxf1+ 36. Kh2 Rf5 37. Qe2 Kf7 38. Bc2 Rf6 39. Qh5+ Ke7 40. Qg4 Rf7 41. Bg6 Rf6 42. Bh5 g5 43. Qd4 Rd8 44. Qd3 Rdf8 45. Bg4 Rf2 46. Bf3 R8xf3 47. Qh7+ Kd6 48. Qxh6 Rf5 49. Qh8 d4 50. Qxd4+ Kc7 51. Qg7+ Kb8 52. Qg8+ Rf8 53. Qxe6 Rxg2+ 54. Kh1 Rf1# 0-1

[Event "ROM-ch U10"]
[Site "Calimanesti"]
[Date "2018.03.31"]
[Round "6"]
[White "Cojocaru, Filip"]
[Black "Prelipcean, Eric Matei"]
[Result "1/2-1/2"]
[WhiteElo "1269"]
[BlackElo "1527"]
[PlyCount "102"]
[EventDate "2018.03.27"]
[EventType "swiss"]
[EventRounds "9"]
[EventCountry "ROU"]
[SourceTitle "CBM 183 Extra"]
[Source "ChessBase"]
[SourceDate "2018.04.19"]
[SourceVersion "1"]
[SourceVersionDate "2018.04.19"]
[SourceQuality "1"]

1. e4 c5 2. Nf3 Nc6 3. c3 d5 4. exd5 Qxd5 5. d4 Bf5 6. Be3 cxd4 7. Nxd4 Rd8 8. Na3 Nxd4 9. Qxd4 Qxd4 10. Bxd4 a6 11. 0-0-0 Nf6 12. Bxf6 Rxd1+ 13. Kxd1 exf6 14. Nc2 Bc5 15. f3 0-0 16. Kc1 Re8 17. b4 Bd6 18. Nd4 Bf4+ 19. Kb2 Bg6 20. Bc4 Kf8 21. Bd5 Re7 22. h4 h6 23. h5 Bh7 24. Rh4 Bg3 25. Rg4 Bf2 26. Be4 Bxe4 27. Rxe4 Re5 28. g4 g6 29. hxg6 fxg6 30. Ne6+ Ke7 31. Nf4 Rxe4 32. fxe4 Kf7 33. Kc2 Bg3 34. Ne2 Be5 35. Kd3 h5 36. gxh5 gxh5 37. Ke3 h4 38. Kf3 h3 39. c4 h2 40. Kg2 f5 41. exf5 Kf6 42. Nc1 Kxf5 43. Nd3 Ke4 44. Nc5+ Kd4 45. Nxb7 Kxc4 46. Nc5 Kb5 47. Nxa6 Bd6 48. Nc5 Bxc5 49. bxc5 Kxc5 50. Kxh2 Kb4 51. a4 Kxa4 1/2-1/2